000 00379nam a22001457a 4500
003 OSt
005 20160727222355.0
008 160622b xxu||||| |||| 00| 0 eng d
040 _cTest
100 _9520
_aJones, C. H
245 _aRailway To The Clouds and other stories
260 _aG.B B. Mc Call Barbour
300 _aRailway To The Clouds and other stories
942 _2ddc
_cBK
999 _c432
_d432